| 000 | 00541nam a22001697a 4500 | ||
|---|---|---|---|
| 003 | OSt | ||
| 005 | 20140311163156.0 | ||
| 008 | 140226t xxu||||| |||| 00| 0 eng d | ||
| 020 | _a9781882664146 | ||
| 050 |
_aQA 40.5 _b.W317 1995 |
||
| 100 |
_aWashington, Mary Ford. _930658 |
||
| 245 |
_aReal life math mysteries : _ba kids' answer to the question, "What will we ever use this for?" / _cMary Ford Washington. |
||
| 260 |
_aTexas : _bPrufrock Press, _c1995. |
||
| 300 |
_a104 p. : _bill. ; _c28 cm. |
||
| 942 |
_2lcc _cBK-TR |
||
| 999 |
_c42387 _d42387 |
||